000 00845nam a2200277Ia 4500
001 Z_2844
003 CHAP
005 20230321154814.0
008 220113s1970 sp g d 000 0 spa d
010 _a165917
040 _aZ
_cCHAP
082 0 0 _aC 636.085 D5y
100 1 _aPiccioni, Marcello
_eautor
_987953
245 0 _aDiccionario de alimentación animal/
_cMarcelo Piccioni; traducción Horacio Marco Moll
260 _aZaragoza :
_bAcribia,
_c1970
300 _a819 paginas
500 _aTraducción de la 3a ed. en Italiano
650 _aAlimentos y alimentación del ganado
_xAnálisis
_9139942
650 _aAlimentos y alimentación del ganado
_xDiccionarios
_94332
700 1 0 _9159384
_aMoll, Horacio Marco
_etraductor
901 _aC 636.085 D5y
902 _aA
910 _a1970
942 _cLIBRO
_2ddc
942 _2ddc
999 _c165917
_d165917